[Event "ch-TUR 2013"]
[Site "Antalya TUR"]
[Date "2013.02.06"]
[Round "7.5"]
[White "Buker,M"]
[Black "Dastan,B"]
[Result "0-1"]
[WhiteElo "2097"]
[BlackElo "2390"]

1.d4 d5 2.c4 e6 3.Nf3 Nf6 4.Nc3 c6 5.e3 Nbd7 6.Qc2 Bd6 7.Bd3 dxc4 8.Bxc4 b5
9.Bd3 Bb7 10.Bd2 O-O 11.Ne4 Nxe4 12.Bxe4 Nf6 13.Bd3 c5 14.dxc5 Bxc5 15.Bc3 Rc8
16.Bxb5 Nd5 17.Qa4 Nxc3 18.bxc3 Qf6 19.Rc1 Bxf3 20.gxf3 Bxe3 21.Rc2 Qxf3
22.O-O Rc5 23.h4 Qg3+ 24.Kh1 Qh3+ 25.Kg1 Bg5 26.Bc6 Bxh4 27.Bg2 Rg5 28.Qe4 Qf5
29.Qxf5 Rxf5 30.c4 Be7 31.Rb1 Bc5 32.Rd2 Bb6 33.Rb5 Rxb5 34.cxb5 Rd8 35.Rc2 g5
36.Bf3 Rd4 37.Kg2 Kg7 38.Kg3 Kg6 39.Bc6 h5 40.Re2 Rf4 41.f3 Rd4 42.Be4+ Kf6
43.Bc2 Ba5 44.a4 Rd2 45.Rxd2 Bxd2 46.Bd1 Bf4+ 47.Kh3 Bc7 48.Bc2 Ke5 49.Bh7 Kf4
50.Kg2 f5 51.Bg6 h4 52.Bf7 e5 53.Bd5 e4 54.fxe4 fxe4 55.Be6 g4 56.Bd7 e3
57.Bc6 h3+ 58.Kf1 g3  0-1

[Event "Asian Zonal 3.2 w 2013"]
[Site "Thulhiriya City PHI"]
[Date "2013.02.06"]
[Round "6.3"]
[White "Kulatunga,Dinithi"]
[Black "Ranasinghe,S"]
[Result "0-1"]
[WhiteElo "1528"]
[BlackElo "1854"]

1.d4 d5 2.c4 e6 3.Nc3 c6 4.e3 Nf6 5.Nf3 Bd6 6.Bd3 O-O 7.O-O Nbd7 8.Qc2 dxc4
9.Bxc4 e5 10.Rd1 Qc7 11.h3 b5 12.Bb3 a6 13.d5 c5 14.a3 c4 15.Ba2 Nc5 16.b3 e4
17.Nd2 Bh2+ 18.Kh1 cxb3 19.Bxb3 Be5 20.Bb2 Nd3 21.Ndb1 Bb7 22.f4 Bxc3 23.Nxc3 Rac8
24.Rd2 Nxb2 25.Qxb2 Qxc3 26.Qxc3 Rxc3 27.Rb1 Rxe3 28.d6 Rd8 29.a4 Rd3 30.Rbb2 R8xd6
31.axb5 axb5 32.Bc2 Bc6 33.g4 e3+ 34.Kg1 Rxd2 35.Kf1 Bg2+ 36.Ke1 Bxh3 37.g5 Nd5
38.Be4 Nc3 39.Bf3  0-1

[Event "Asian Zonal 3.2 2013"]
[Site "Thulhiriya City PHI"]
[Date "2013.02.06"]
[Round "6.10"]
[White "Muhammed,Shuaau"]
[Black "Abdul Rahman,A"]
[Result "0-1"]
[WhiteElo "1636"]
[BlackElo "1904"]

1.d4 d5 2.Nf3 Nf6 3.c4 e6 4.Nc3 c6 5.e3 Ne4 6.Bd3 f5 7.O-O Bd6 8.Qb3 Qe7
9.a4 O-O 10.a5 Kh8 11.Qc2 Nd7 12.c5 Bc7 13.b4 e5 14.dxe5 Nxe5 15.Bxe4 fxe4
16.Nxe5 Qxe5 17.g3 Bg4 18.f4 exf3 19.Bd2 Qh5 20.Rf2 Bh3 21.Qd1 Be5 22.Rc1 Rad8
23.Nb1 Qf5 24.Bc3 Bc7 25.Qd4 Rd7 26.Nd2 Bg2 27.Rcf1 Qh3 28.Nxf3 Bxf1 29.Ng5 Rxf2
30.Nxh3 Rf8 31.Nf4 Bxf4 32.gxf4 Bh3 33.Kf2 Bf5 34.Qe5 a6 35.h4 h6 36.Qd4 Re7
37.Qd1 Kh7 38.Qh5 Re6 39.Qd1 Be4 40.Qd4  0-1

[Event "ch-TUR 2013"]
[Site "Antalya TUR"]
[Date "2013.02.07"]
[Round "8.57"]
[White "Kiremitciyan,Ari"]
[Black "Sahin,Oz"]
[Result "0-1"]
[WhiteElo "1708"]
[BlackElo "1870"]

1.d4 d5 2.c4 c6 3.e3 Nf6 4.Nc3 e6 5.Nf3 Nbd7 6.Qc2 Bd6 7.g4 h6 8.Rg1 dxc4
9.Bxc4 b5 10.Bxe6 fxe6 11.Qg6+ Kf8 12.g5 Qe7 13.gxf6 Nxf6 14.Bd2 Bd7 15.Ne5 Be8
16.Qg2 Rc8 17.Ne2 Rg8 18.Qh3 Nh5 19.Rg4 Nf6 20.Rg3 Bxe5 21.dxe5 Ne4 22.Rf3+ Bf7
23.Rf4 Nxd2 24.Kxd2 Ke8 25.Rd4 Rd8 26.Qg4 Qb4+ 27.Kc2 Qc5+ 28.Nc3 Qxe5 29.Rxd8+ Kxd8
30.Rd1+ Ke7 31.Qb4+ Kf6 32.Rg1 Bg6+ 33.Kc1 Kf7 34.Rg4 Rd8 35.Qa5 Rd7 36.Qb4 Bf5
37.Rd4 Rxd4 38.Qxd4 Qxd4 39.exd4 Kf6 40.Kd2 Kg5 41.Ne2 Kg4 42.Ng1 Kf4 43.Kc3 a5
44.a3 Ke4 45.h4 Kf4 46.Kd2 Kg4 47.Ke3 Kxh4 48.Nf3+ Kh3 49.Ne5 Kg2 50.Nxc6 h5
51.Ne7 Bh7 52.d5 exd5 53.Nxd5 g5 54.Ke2 h4 55.Ne3+ Kg1 56.Ng4 h3 57.Ne5 Kg2  0-1

[Event "ch-TUR 2013"]
[Site "Antalya TUR"]
[Date "2013.02.07"]
[Round "9.71"]
[White "Akdogan,Alperen"]
[Black "Korkmaz,T"]
[Result "1-0"]
[WhiteElo "1707"]
[BlackElo "1948"]

1.d4 Nf6 2.Nf3 e6 3.c4 d5 4.Nc3 c6 5.e3 Nbd7 6.Qc2 a6 7.b3 Bb4 8.Bb2 Ne4
9.a3 Bxc3+ 10.Bxc3 f5 11.Bd3 O-O 12.O-O Qf6 13.Nd2 Qh6 14.Rae1 Ndf6 15.f3 Ng5
16.Bb4 Re8 17.e4 f4 18.exd5 cxd5 19.Nb1 Bd7 20.Bd2 Nh5 21.Nc3 Bc6 22.Re5 Nf7
23.Bxh7+ Kh8 24.Rxh5 Qxh5 25.Bg6 Qg5 26.Bxf7 Re7 27.Bg6 Qf6 28.Ne2 dxc4 29.bxc4 Rd8
30.Bxf4 Rxd4 31.Bg5 Qxg5 32.Nxd4 Rd7 33.Nxe6 Qe3+ 34.Kh1 Qxe6 35.Bf5 Qf6
36.Bxd7 Bxd7 37.Rd1 Bf5 38.Qd2 Kh7 39.Qf4 Qe6 40.Qh4+ Kg8 41.Rd8+ Kf7 42.Qh5+ g6
43.Qh7+ Kf6 44.Qh8+ Kg5 45.h4+ Kf4 46.Qh6+ Kg3 47.Qg5+ Kf2 48.Rd2+ Kf1 49.Qg3 Qe1
50.Qxe1+ Kxe1 51.Rb2 Be6 52.c5 Bd5 53.Rb6 Bc6 54.Rxc6 bxc6 55.h5 gxh5 56.f4  1-0

[Event "ch-TUR 2013"]
[Site "Antalya TUR"]
[Date "2013.02.07"]
[Round "9.85"]
[White "Demirkilic,Koksal"]
[Black "Gok,I"]
[Result "1-0"]
[WhiteElo "1557"]
[BlackElo "1785"]

1.d4 d5 2.c4 c6 3.Nc3 Nf6 4.Nf3 e6 5.e3 Nbd7 6.Bd3 dxc4 7.Bxc4 b5 8.Bd3 a6
9.O-O c5 10.b3 Bb7 11.Bb2 Rc8 12.dxc5 Nxc5 13.Be2 Be7 14.Qxd8+ Bxd8 15.b4 Ncd7
16.a4 bxa4 17.Rxa4 Nb6 18.Ra2 Nc4 19.Ba1 O-O 20.Nd4 Be7 21.b5 axb5 22.Ncxb5 Bd5
23.Rc2  1-0

[Event "ch-TUR 2013"]
[Site "Antalya TUR"]
[Date "2013.02.07"]
[Round "9.22"]
[White "Buker,M"]
[Black "Dogan,Mire Deniz"]
[Result "0-1"]
[WhiteElo "2097"]
[BlackElo "1768"]

1.d4 d5 2.c4 c6 3.Nc3 Nf6 4.Nf3 e6 5.e3 Nbd7 6.Bd3 dxc4 7.Bxc4 b5 8.Bd3 a6
9.e4 c5 10.e5 Ng4 11.Ng5 cxd4 12.Qxg4 dxc3 13.Nxf7 Kxf7 14.Qf3+ Nf6 15.exf6 Qxf6
16.Qxa8 cxb2 17.Rb1 bxc1=Q+ 18.Rxc1 Bb4+ 19.Ke2 Rf8 20.Rhd1 Kg8 21.f3 Bc3
22.Qc6 Bd4 23.Qe4 g6 24.Rc7 e5 25.g3 Qe6 26.Bc2 Qh3 27.Rxd4 Qxh2+ 28.Kd3 Bf5
29.Bb3+ Kh8 30.Qxf5 gxf5 31.Rdd7 e4+ 32.fxe4 Qxg3+ 33.Kd4 Qh4 34.Bd5 fxe4
35.Bxe4 Rd8 36.Rb7 Qe7  0-1

[Event "Moscow Open A 2013"]
[Site "Moscow RUS"]
[Date "2013.02.07"]
[Round "6.10"]
[White "Hayrapetyan,Ho"]
[Black "Smirnov,P"]
[Result "0-1"]
[WhiteElo "2500"]
[BlackElo "2618"]

1.d4 Nf6 2.c4 e6 3.Nf3 d5 4.Nc3 c6 5.e3 Nbd7 6.Bd3 dxc4 7.Bxc4 b5 8.Bd3 a6
9.e4 c5 10.e5 cxd4 11.Nxb5 axb5 12.exf6 gxf6 13.O-O Qb6 14.Qe2 Bb7 15.Bf4 b4
16.Bg3 Bc5 17.Rfd1 h5 18.Be4 Ba6 19.Qd2 Rd8 20.a4 e5 21.a5 Qe6 22.Nh4 Rg8
23.Rac1 Qa2 24.Re1 Qxa5 25.f4 Qb6 26.fxe5 fxe5 27.Bxe5 d3+ 28.Kh1 Nxe5 29.Bc6+ Qxc6
30.Rxe5+ Kf8 31.Rexc5 Qe4 32.Rxh5 Rd6 33.Nf5 Bb7 34.Ng3 Rxg3 35.hxg3 Qe2
36.Qxe2 dxe2 37.Rg1 Rf6 38.Kh2 Rf1 39.Re5 Ba6 40.b3 f5 41.Re3 Kf7 42.Rh1 Kf6
43.Rg1 Kg5 44.Rh1 Rd1 45.Rg1 Bd3 46.Rxd3 Rxd3 47.Re1 Rd2 48.Kg1 Rd1 49.Kf2 Rxe1  0-1

[Event "ch-TUR 2013"]
[Site "Antalya TUR"]
[Date "2013.02.08"]
[Round "10.63"]
[White "Doner,Mustafa"]
[Black "Sahin,Oz"]
[Result "1/2-1/2"]
[WhiteElo "1698"]
[BlackElo "1870"]

1.d4 Nf6 2.c4 c6 3.Nc3 d5 4.Nf3 e6 5.e3 Nbd7 6.Qc2 Bd6 7.b3 O-O 8.Be2 a6
9.O-O Qe7 10.e4 dxe4 11.Nxe4 Nxe4 12.Qxe4 Nf6 13.Qh4 h6 14.Bd3 Nd7 15.Qe4 f5
16.Qe2 e5 17.dxe5 Nxe5 18.Nxe5 Qxe5 19.Qxe5 Bxe5 20.Ba3 Bxa1 21.Bxf8 Kxf8
22.Rxa1 Be6 23.Kf1 Kf7 24.Ke2 Kf6 25.f4 g5 26.Rf1 Rd8 27.fxg5+ hxg5 28.Bxf5 Bxf5
29.g4 Re8+ 30.Kd2 Re5 31.Rf2 Ke6 32.gxf5+ Rxf5 33.Re2+ Re5 34.Rf2 Rf5 35.Re2+ Kd6
36.Kc3 c5 37.a3 Rf3+ 38.Kc2 b5 39.Kb2 bxc4 40.bxc4 Rf4 41.Kb3 Rf3+ 42.Kb2 Rh3
43.Rg2 Ke5  1/2-1/2

[Event "ch-TUR 2013"]
[Site "Antalya TUR"]
[Date "2013.02.08"]
[Round "10.58"]
[White "Aysoy,V"]
[Black "Alagoz,Mahmut"]
[Result "1-0"]
[WhiteElo "1885"]
[BlackElo "1744"]

1.d4 d5 2.c4 e6 3.Nf3 Nf6 4.Nc3 c6 5.e3 Bd6 6.Bd3 O-O 7.O-O Re8 8.Ne5 Nbd7
9.f4 Nf8 10.Bd2 Bd7 11.c5 Bc7 12.Qf3 Re7 13.b4 g6 14.a4 a6 15.Be1 Ne8 16.Bh4 f6
17.Rad1 fxe5 18.fxe5 Ng7 19.Qf6 Nf5 20.Bxf5 Rf7 21.Qxf7+ Kxf7 22.Bxd8 Bxd8
23.Bh3+ Kg7 24.e4 Bg5 25.Rf3 Be8 26.Rdf1 Be7 27.exd5 exd5 28.b5 axb5 29.axb5 g5
30.Nd1 Bh5 31.g4 Bg6 32.Ne3 Ne6 33.Nf5+ Bxf5  1-0

[Event "ch-HUN U20 g 2013"]
[Site "Budapest HUN"]
[Date "2013.02.08"]
[Round "7.1"]
[White "Terbe,J"]
[Black "Horvath,Il"]
[Result "1-0"]
[WhiteElo "1933"]
[BlackElo "1874"]

1.Nf3 c6 2.c4 e6 3.e3 d5 4.d4 Nf6 5.Nc3 Be7 6.b3 Bb4 7.Bd2 Qa5 8.Qc2 dxc4
9.Bxc4 O-O 10.a3 Bxc3 11.Bxc3 Qh5 12.O-O Nd5 13.Bb2 Nd7 14.Rac1 N7f6 15.Be2 Qg6
16.Bd3 Qh6 17.Ne5 Bd7 18.Qe2 Rac8 19.Rc2 Rc7 20.Rfc1 Ne8 21.Qe1 f5 22.a4 g5
23.Ba3 Rf6 24.Bf1 Qh5 25.Qe2 g4 26.g3 Rh6 27.h4 gxh3 28.Qxh5 Rxh5 29.Kh2 Nef6
30.Bd6 Rc8 31.Nxd7 Nxd7 32.Bxh3 N7f6 33.Rh1 Ne4 34.Ba3 Ng5 35.Kg2 Kf7 36.g4 Rxh3
37.Rxh3 Nxh3 38.Kxh3 fxg4+ 39.Kxg4 Rg8+ 40.Kf3 Rg5 41.Rc1 Nf6 42.Rh1 Kg6
43.Be7 Rf5+ 44.Ke2 Ne4 45.Rh2 Rf7 46.Bh4 h6 47.Rg2+ Kh7 48.Kd3 Nd6 49.Bg3 Nf5
50.Bf4 Ne7 51.Rh2 Ng8 52.f3 Rg7 53.Ke4 Rg1 54.Ke5 Rg6 55.Kd6 Rf6 56.Rg2 Rg6
57.Rxg6 Kxg6 58.Kxe6 h5 59.Be5 h4 60.f4 h3 61.f5+ Kg5 62.Bf4+ Kg4 63.f6 Nh6
64.Bxh6 h2 65.f7 h1=Q 66.f8=Q Qd5+ 67.Ke7 Qxb3 68.Qf4+ Kh3 69.Qf3+ Kh4 70.Bf4 Qb4+
71.Ke8 Qe1 72.d5 cxd5 73.Qxd5 Kg4 74.Qxb7 Qa1 75.Qd7+ Kf3 76.Qc6+ Kg4 77.Kd8 Qb2
78.Kc7 Kf5 79.a5 Qb4 80.a6 Kg4 81.Qb7 Qc5+ 82.Kb8 Kh5 83.Qxa7 Qf8+ 84.Kb7 Qe7+
85.Ka8 Qe4+ 86.Qb7 Qe8+ 87.Ka7 Qd8 88.Qc7 Qd3 89.Qc5+ Kg4 90.Bc7 Kf3 91.Bb6 Qd7+
92.Qc7 Qe8 93.Kb7 Ke2 94.Qc2+ Kf1 95.Qc4+ Ke1 96.a7 Qe7+ 97.Ka6 Qa3+ 98.Ba5+ Kd1
99.a8=Q Qd6+ 100.Qac6 Qg6 101.Qf1+  1-0

[Event "Moscow Open A 2013"]
[Site "Moscow RUS"]
[Date "2013.02.08"]
[Round "7.13"]
[White "Ibragimov,I"]
[Black "Airapetian,G"]
[Result "1/2-1/2"]
[WhiteElo "2555"]
[BlackElo "2462"]

1.d4 Nf6 2.c4 e6 3.Nf3 d5 4.Nc3 c6 5.e3 Nbd7 6.Qc2 Bd6 7.Bd3 O-O 8.O-O dxc4
9.Bxc4 b5 10.Be2 a6 11.Rd1 Qc7 12.e4 e5 13.g3 Re8 14.a3 h6 15.Be3 Bb7 16.Rac1 Rad8
17.dxe5 Nxe5 18.Nxe5 Bxe5 19.Nd5 Qb8 20.Nxf6+ Bxf6 21.f3 Rxd1+ 22.Rxd1 Rd8
23.b4 Rxd1+ 24.Qxd1 Qd8 25.Qxd8+ Bxd8 26.e5 f6 27.f4 fxe5 28.fxe5 Bc8 29.Bh5 Be6
30.Kf2 Bd5 31.Bg6 a5 32.Bc5 axb4 33.axb4 Bc7 34.Bd4 Bd8 35.Bc5 Bc7 36.Bd6 Bb6+
37.Ke2 Ba7 38.h4 Bb6 39.Be8 Ba7 40.g4 g5 41.hxg5 hxg5 42.Kd3 Kg7 43.Be7 Bb8
44.Kd4 Ba7+ 45.Bc5 Bb8 46.Bb6 Kf8 47.Bg6 Ke7 48.Bf5 Kf7 49.Bd3 Ke6  1/2-1/2

[Event "Moscow Open A 2013"]
[Site "Moscow RUS"]
[Date "2013.02.08"]
[Round "7.4"]
[White "Khairullin,I"]
[Black "Sandipan,C"]
[Result "1/2-1/2"]
[WhiteElo "2650"]
[BlackElo "2590"]

1.c4 c6 2.Nf3 d5 3.e3 Nf6 4.Nc3 e6 5.d4 Nbd7 6.Qc2 Bd6 7.Bd3 O-O 8.O-O dxc4
9.Bxc4 b5 10.Be2 Bb7 11.e4 e5 12.dxe5 Nxe5 13.Nd4 Neg4 14.g3 Bxg3 15.hxg3 Qxd4
16.Qd1 c5 17.Bf4 b4 18.Qxd4 cxd4 19.Nb5 d3 20.Bxd3 Nxe4 21.f3 Nc5 22.Bc4 Nh6
23.Nd6 Ba6 24.Bxa6 Nxa6 25.Rac1 Rad8 26.Rfd1 f6 27.Bxh6 gxh6 28.Kf2 Rd7 29.Nf5 Rfd8
30.Nxh6+ Kg7 31.Nf5+ Kg6 32.Rxd7 Rxd7 33.g4 h5 34.Rc8 hxg4 35.fxg4 Nc7 36.Kf3 Ne6
37.Rh8 Rd3+ 38.Ke4 Nc5+ 39.Kf4 Ne6+ 40.Ke4 Nc5+ 41.Kf4  1/2-1/2

[Event "ch-CUB Men Final 2013"]
[Site "Santa Clara CUB"]
[Date "2013.02.08"]
[Round "2.2"]
[White "Otero Acosta,D"]
[Black "Diaz,Rid"]
[Result "1-0"]
[WhiteElo "2461"]
[BlackElo "2306"]

1.d4 d5 2.c4 c6 3.Nc3 Nf6 4.e3 e6 5.Nf3 Nbd7 6.Qc2 b6 7.Be2 Bb7 8.O-O Be7
9.Rd1 O-O 10.e4 dxe4 11.Nxe4 Nxe4 12.Qxe4 Qc8 13.Bd3 Nf6 14.Qh4 Re8 15.Bg5 c5
16.Bxf6 Bxf6 17.Qxh7+ Kf8 18.d5 exd5 19.Re1 g6 20.Bxg6 Bg7 21.Ng5 fxg6 22.Qxg6 Kg8
23.Qf7+ Kh8 24.Re3 d4 25.Rh3+ Qxh3 26.gxh3 Rab8 27.Kf1 Ba6 28.b3  1-0

[Event "ch-TUR 2013"]
[Site "Antalya TUR"]
[Date "2013.02.09"]
[Round "11.61"]
[White "Demirkilic,Koksal"]
[Black "Dedebas,Emre Emin"]
[Result "0-1"]
[WhiteElo "1557"]
[BlackElo "1848"]

1.d4 d5 2.c4 c6 3.Nc3 Nf6 4.Nf3 e6 5.e3 Nbd7 6.Bd3 Bd6 7.O-O O-O 8.e4 dxc4
9.Bxc4 e5 10.Bg5 Qe7 11.a4 Rd8 12.d5 Nf8 13.Re1 Ng6 14.Ne2 h6 15.Bxf6 Qxf6
16.Qb3 cxd5 17.Bxd5 Rb8 18.Ng3 Nf4 19.Re3 h5 20.h4 Nxd5 21.exd5 Bg4 22.Ne4 Qg6
23.Nxd6 Bxf3 24.Rxf3 Qxd6 25.Rd1 g6 26.Qe3 Kg7 27.Qxa7 Qe7 28.Qe3 Rd6 29.g3 Rbd8
30.Qc5 Qd7 31.Rfd3 Qxa4 32.Qe3 Qe8 33.Kg2 f6 34.Qa7 R8d7 35.Qc5 Qd8 36.b4 Qc7
37.f3 Qb6 38.g4 hxg4 39.fxg4 Rc7 40.Qxb6 Rxb6 41.d6 Rd7 42.Rc3 Rxb4 43.Kf3 Kf7
44.Rc7 Ke6 45.Rxd7 Kxd7 46.Rh1 Rb3+ 47.Kf2 Kxd6 48.h5 gxh5 49.gxh5 Ra3 50.h6 Ra8
51.h7 Rh8 52.Ke3 Ke6 53.Ke4 f5+ 54.Ke3 Kf6 55.Rh6+ Kg5 56.Rh1 Kg6 57.Rg1+ Kxh7
58.Rb1 Kg6 59.Rxb7 Rh3+ 60.Kf2 Kg5 61.Kg2 Ra3 62.Rb8 Kf4 63.Rb2 e4 64.Rf2+ Kg4
65.Re2 e3 66.Rb2 f4 67.Kf1 f3 68.Kg1 Kg3 69.Rb1 e2 70.Kh1 Rd3 71.Rg1+ Kh3
72.Re1  0-1

[Event "ch-TUR 2013"]
[Site "Antalya TUR"]
[Date "2013.02.09"]
[Round "11.32"]
[White "Buker,M"]
[Black "Nailer,Ali"]
[Result "1-0"]
[WhiteElo "2097"]
[BlackElo "1878"]

1.d4 d5 2.c4 c6 3.Nc3 Nf6 4.Nf3 e6 5.e3 Nbd7 6.Bd3 dxc4 7.Bxc4 b5 8.Bd3 a6
9.O-O Bb7 10.e4 c5 11.e5 Nd5 12.Ne4 cxd4 13.Bg5 Qb6 14.Rc1 Nc5 15.Nxd4 Nxd3
16.Qxd3 Nb4 17.Qe3 h6 18.Nf5 Qxe3 19.Nfd6+ Bxd6 20.Nxd6+ Kd7 21.fxe3 Rhf8
22.Nxb7 hxg5 23.Rfd1+  1-0

[Event "ch-TUR 2013"]
[Site "Antalya TUR"]
[Date "2013.02.09"]
[Round "11.30"]
[White "Ozturk,Ku"]
[Black "Oney,Ri"]
[Result "1-0"]
[WhiteElo "2281"]
[BlackElo "1879"]

1.d4 d5 2.c4 c6 3.Nf3 Nf6 4.e3 e6 5.Nc3 Nbd7 6.Qc2 Bd6 7.Bd3 O-O 8.O-O Qe7
9.e4 dxc4 10.Bxc4 e5 11.Be3 exd4 12.Bxd4 Ne5 13.Be2 Nfg4 14.Nxe5 Bxe5 15.Bxe5 Qxe5
16.Bxg4 Bxg4 17.f4 Qe7 18.Rae1 Rad8 19.Qf2 b6 20.f5 Bh5 21.e5 Rd3 22.Ne4 Rfd8
23.Qf4 Rd1 24.g4 Rxe1 25.Rxe1 Qh4 26.Nf2 g5 27.Qg3  1-0

[Event "ch-TUR 2013"]
[Site "Antalya TUR"]
[Date "2013.02.09"]
[Round "11.20"]
[White "Yuksel,M"]
[Black "Ceylan,M"]
[Result "1-0"]
[WhiteElo "2079"]
[BlackElo "1915"]

1.d4 d5 2.c4 c6 3.Nf3 Nf6 4.Nc3 e6 5.e3 Bd6 6.Bd3 Nbd7 7.O-O dxc4 8.Bxc4 b5
9.Bd3 Bb7 10.Ne4 Nxe4 11.Bxe4 O-O 12.a4 a6 13.b3 Nf6 14.Bd3 Rc8 15.Bb2 Nd5
16.Rc1 Nb4 17.Bb1 Be7 18.Ne5 Nd5 19.Nd3 Nf6 20.Nc5 Qb6 21.a5 Qa7 22.b4 Rfd8
23.f4 g6 24.Qe1 Bf8 25.Ba2 Re8 26.Rf3 Bg7 27.Rh3 Rc7 28.Qh4 h5 29.Rf3 Qb8
30.h3 Kf8 31.e4 Nd7 32.f5 Nxc5 33.Rxc5 Qd8 34.f6 Kg8 35.Rxh5 Bxf6 36.Rxf6 gxh5
37.d5 cxd5 38.Be5 Kf8 39.Qxh5 Qd7 40.Qh6+ Ke7 41.Rxf7+ Kd8 42.Bxc7+ Kxc7
43.Rxd7+ Kxd7 44.exd5  1-0

[Event "FSGM February 2013"]
[Site "Budapest HUN"]
[Date "2013.02.09"]
[Round "7.2"]
[White "Stefansson,H"]
[Black "Mihok,O"]
[Result "1/2-1/2"]
[WhiteElo "2496"]
[BlackElo "2442"]

1.d4 d5 2.c4 e6 3.Nc3 Nf6 4.Nf3 c6 5.e3 Nbd7 6.Qc2 Bd6 7.Bd3 O-O 8.O-O dxc4
9.Bxc4 a6 10.a4 c5 11.dxc5 Nxc5 12.e4 Qc7 13.h3 b6 14.Rd1 Ncd7 15.Bg5 Bb7
16.Qe2 Ne5 17.Bb3 Nxf3+ 18.Qxf3 Be5 19.Rac1 Qe7 20.Bc2 Rac8 21.Qe2 h6 22.Be3 Bxc3
23.bxc3 Bxe4 24.Bb3 b5 25.Bf4 Qa3 26.Ba2 Qxa4 27.Be5 Bg6 28.Bd4 Rfe8 29.f4 Qa5
30.Kh2 Qc7 31.Be5 Qb7 32.Qb2 Nd7 33.Bd4 Qc7 34.Qf2 e5 35.Be3 exf4 36.Bxf4 Qc5
37.Qg3 Nf8 38.Rd6 Rc6 39.Rf1 Ne6 40.Rxc6 Qxc6 41.Be5 Qe4 42.Re1 Qd3 43.Re3 Qd2
44.Bb3 Kh7 45.h4 h5 46.Rf3 Qd7 47.Rf1 Rd8 48.c4 Qb7 49.cxb5 Rd3 50.Rf3 Rxf3
51.Qxf3 Qxf3 52.gxf3 axb5 53.Bxe6 fxe6 54.Kg3 b4 55.Kf4 Kh6 56.Ke3 Bc2 57.Kd2 b3
58.Bd4 Kg6 59.Ke3 Bd1 60.f4 Bc2 61.Bb2 Kf7 62.Kd2 g5 63.fxg5 Kg6 64.Bf6 Kf5
65.Kc3 Bd1 66.Bh8 Kg4 67.g6 Bc2 68.Bf6 Bxg6 69.Kxb3 Kf4 70.Kc3 e5 71.Kd2 e4  1/2-1/2

[Event "17th Lienz Open 2013"]
[Site "Lienz AUT"]
[Date "2013.02.09"]
[Round "1.34"]
[White "Koegler,M"]
[Black "Loberg,J"]
[Result "0-1"]
[WhiteElo "1665"]
[BlackElo "2041"]

1.d4 d5 2.c4 c6 3.Nc3 Nf6 4.Nf3 e6 5.e3 Nbd7 6.Bd3 dxc4 7.Bxc4 b5 8.Bd3 Bb7
9.O-O a6 10.Qc2 c5 11.Ne4 cxd4 12.Nxd4 Rc8 13.Qb1 Nc5 14.Nxf6+ Qxf6 15.Bc2 Bd6
16.Bd2 Qe5 17.g3 Ne4 18.Bxe4 Bxe4 19.Qd1 O-O 20.f3 Bb7 21.f4 Qe4 22.Nf3 Rfd8
23.Rc1 Rxc1 24.Bxc1 Bc7 25.Qe2 Bb6 26.b3 Rc8 27.Qg2 Rxc1 28.Rxc1 Bxe3+ 29.Kh1 Bxc1
30.Nh4 Qe1+  0-1

[Event "Moscow Open A 2013"]
[Site "Moscow RUS"]
[Date "2013.02.09"]
[Round "8.15"]
[White "Khusnutdinov,R"]
[Black "Najer,E"]
[Result "1-0"]
[WhiteElo "2493"]
[BlackElo "2647"]

1.d4 d5 2.c4 c6 3.Nc3 Nf6 4.e3 e6 5.Nf3 Nbd7 6.Bd3 dxc4 7.Bxc4 b5 8.Bb3 b4
9.Ne2 c5 10.O-O Bb7 11.Ng3 Be7 12.Re1 cxd4 13.Nxd4 h5 14.h3 Qb6 15.a3 Rd8
16.Bd2 a5 17.axb4 axb4 18.Bc4 h4 19.Nf1 O-O 20.Qa4 Ne4 21.Rec1 Bc5 22.Be1 Ne5
23.Qa5 Qd6 24.Be2 Ra8 25.Qb5 Rxa1 26.Rxa1 Rb8 27.Rd1 Bd5 28.Qa4 Qb6 29.f3 Nd6
30.Qc2 b3 31.Qc3 Rc8 32.Nxe6 Nxf3+ 33.Bxf3 Bxe6 34.Bxh4 Ba3 35.Qd3 Bc5 36.Be7 Nc4
37.Bxc5 Rxc5 38.Qd4 Ra5 39.Qh4 Nd6 40.Qe7 Nf5 41.Rd8+ Kh7 42.Be4 Re5 43.Qh4+ Kg6
44.Rd4 Rxe4 45.Qxe4 Kf6 46.Rd3 Ke7 47.Nd2 Qa5 48.Kf2 g5 49.Nxb3 Qc7 50.Qb4+ Ke8
51.Qb5+  1-0

[Event "Moscow Open F 2013"]
[Site "Moscow RUS"]
[Date "2013.02.09"]
[Round "8.4"]
[White "Mozharov,M"]
[Black "Sethuraman,S"]
[Result "1-0"]
[WhiteElo "2510"]
[BlackElo "2538"]

1.d4 d5 2.c4 c6 3.Nc3 Nf6 4.e3 e6 5.Nf3 Nbd7 6.Qc2 Bd6 7.g4 h6 8.Rg1 c5 9.h4 cxd4
10.Nxd4 Nc5 11.g5 hxg5 12.hxg5 Nfe4 13.b4 Bh2 14.Rg2 Nxc3 15.f3 e5 16.Rxh2 Rxh2
17.Qxh2 exd4 18.bxc5 Be6 19.Qh8+ Kd7 20.Qxg7 Qh8 21.Qxd4 Qxd4 22.exd4 dxc4
23.a4 b5 24.axb5 Nxb5 25.Ra6 Kc7 26.Be3 Rd8 27.g6 Nxd4 28.Bxd4 Rxd4 29.gxf7 Bxf7
30.Rxa7+ Kc6 31.Rxf7 c3 32.Ra7 Kxc5 33.Be2 Rd2 34.Ra4 Kd5 35.Re4 Rb2 36.Kd1 Rd2+
37.Kc1 Rb2 38.Bc4+ Kc5 39.Bd3 Kd5 40.Re2 Rb8 41.Kc2 Rf8 42.Re3 Kd4 43.Re4+ Kd5
44.f4 Rc8 45.f5  1-0

[Event "TCh-LTU 2013"]
[Site "Taujenai LTU"]
[Date "2013.02.10"]
[Round "5.4"]
[White "Stauskas,Lukas"]
[Black "Dubinskas,K"]
[Result "1-0"]
[WhiteElo "1735"]
[BlackElo "1979"]

1.d4 d5 2.c4 c6 3.e3 Nf6 4.Nc3 e6 5.Nf3 Nbd7 6.Bd3 a6 7.a4 Be7 8.O-O dxc4
9.Bxc4 c5 10.Qe2 O-O 11.Rd1 Qc7 12.d5 exd5 13.Nxd5 Nxd5 14.Bxd5 Nf6 15.Bc4 Bg4
16.b3 Rad8 17.Bb2 Nd7 18.h3 Bh5 19.Rd5 Bg6 20.Ne5 Nxe5 21.Bxe5 Qc6 22.Rad1 Rxd5
23.Bxd5 Qb6 24.Qb2 Bf6 25.Bxf6 gxf6 26.a5 Qxa5 27.Qxf6 Qb4 28.f4 c4 29.f5 cxb3
30.fxg6 hxg6 31.Qxg6+  1-0

[Event "17th Lienz Open 2013"]
[Site "Lienz AUT"]
[Date "2013.02.11"]
[Round "4.31"]
[White "Nesimovic,Kemal"]
[Black "Schwenk,A"]
[Result "0-1"]
[WhiteElo "1836"]
[BlackElo "2130"]

1.d4 Nf6 2.Nf3 e6 3.c4 d5 4.e3 c6 5.Nc3 Nbd7 6.Bd3 dxc4 7.Bxc4 b5 8.Be2 Bb7
9.a3 a6 10.Qc2 c5 11.O-O Rc8 12.Qd1 Qc7 13.h3 Be7 14.Ne1 e5 15.Bf3 e4 16.Bg4 Rd8
17.Bxd7+ Rxd7 18.Nc2 O-O 19.Qe2 b4 20.axb4 cxb4 21.Na4 Rc8 22.Nc5 Bxc5 23.dxc5 Qxc5
24.Nd4 h6 25.Bd2 Qb6 26.Rfd1 a5 27.Qe1 Bd5 28.Rdc1 Rb8 29.Rc2 Ra7 30.Qc1 Nd7
31.Rc8+ Kh7 32.Rxb8 Qxb8 33.Qe1 Ne5 34.Qb1 Kg8 35.Nc2 Qb6 36.Nd4 Rc7 37.Qd1 Rc5
38.Qa4 Bc6 39.Qd1 Bd7 40.Rc1 Nd3 41.Rxc5 Qxc5 42.Qb1 Qg5 43.Kf1 Bc8 44.Qc2 Nc5
45.Be1 Qd5 46.Kg1 Ba6 47.Qd2 Qc4 48.Kh2 Qf1 49.f4 exf3 50.Nxf3 Qd3 51.Bg3 Bb7
52.Qc1 Ne4 53.Qc7 Qd5 54.Qe5 Qxe5 55.Bxe5 a4 56.Ne1 f6 57.Bd4 b3 58.Nd3 Bc6
59.Nc5 Nd6 60.Nd3 Kf7 61.Kg3 Nf5+ 62.Kf4 Nxd4 63.exd4 Bxg2  0-1

[Event "Aeroflot Open Rapid Qualifier 2013"]
[Site "Moscow RUS"]
[Date "2013.02.12"]
[Round "2.8"]
[White "Khismatullin,D"]
[Black "Novikov,Ma"]
[Result "1-0"]
[WhiteElo "2655"]
[BlackElo "2511"]

1.d4 d5 2.c4 e6 3.Nf3 Nf6 4.Nc3 c6 5.e3 Nbd7 6.Qc2 Bd6 7.Bd3 O-O 8.O-O dxc4
9.Bxc4 Qc7 10.a3 e5 11.h3 exd4 12.Nxd4 Ne5 13.Ba2 Ng6 14.Re1 a6 15.e4 Bf4
16.Bxf4 Qxf4 17.Re3 Bd7 18.Rd1 Rae8 19.b4 Be6 20.Nxe6 fxe6 21.Na4 Rf7 22.Nc5 Nf8
23.e5 Nd5 24.Rf3 Qxe5 25.Rxf7 Kxf7 26.Nxb7 Re7 27.Nd8+  1-0

[Event "Aeroflot Open Rapid Qualifier 2013"]
[Site "Moscow RUS"]
[Date "2013.02.12"]
[Round "3.14"]
[White "Vaisser,A"]
[Black "Sjugirov,S"]
[Result "0-1"]
[WhiteElo "2548"]
[BlackElo "2646"]

1.d4 d5 2.c4 e6 3.Nc3 c6 4.e3 Nf6 5.Nf3 Nbd7 6.Qc2 Bd6 7.Bd2 O-O 8.e4 e5
9.cxd5 cxd5 10.exd5 exd4 11.Nxd4 Nb6 12.O-O-O Nbxd5 13.Nxd5 Nxd5 14.Kb1 Qf6
15.Qe4 Nb6 16.Bd3 g6 17.Bh6 Rd8 18.Rhe1 Bd7 19.Bc2 Re8 20.Qd3 Rxe1 21.Rxe1 Bf8
22.Bxf8 Rxf8 23.Nf3 Bc6 24.Bb3 Rd8 25.Qe3 Bxf3 26.gxf3 Kg7 27.a3 Rd7 28.f4 Nc8
29.Qe5 Re7 30.Qxf6+ Kxf6 31.Rd1 Nb6 32.Rd8 Kf5 33.Rf8 Nd7 34.Rxf7+ Rxf7 35.Bxf7 Kxf4
36.Bd5 b6 37.Kc2 Nf6 38.Bg2 Ng4 39.Kd3 Nxf2+ 40.Kd4 Ng4 41.h3 Ne3 42.Be4 Nd1
43.b4 Nf2 44.Bc2 Nxh3 45.Kd5 Nf2 46.Kc6 g5 47.Bb3 g4 48.Bc4 h5 49.a4 h4 50.a5 h3
51.axb6 axb6  0-1

[Event "17th Lienz Open 2013"]
[Site "Lienz AUT"]
[Date "2013.02.13"]
[Round "6.18"]
[White "Marjanovic,Slavk"]
[Black "Unterreiner,M"]
[Result "0-1"]
[WhiteElo "1930"]
[BlackElo "2072"]

1.d4 d5 2.c4 c6 3.Nf3 Nf6 4.e3 e6 5.Nc3 Bd6 6.Qc2 O-O 7.Bd3 Nbd7 8.O-O e5
9.dxe5 Nxe5 10.Nxe5 Bxe5 11.cxd5 Bxh2+ 12.Kxh2 Ng4+ 13.Kg3 Qg5 14.f4 Qh5
15.f5 g5 16.Rh1 Qxh1 17.Kxg4 Kh8 18.b3 h5+ 19.Kf3 g4+ 20.Ke4 Qh2 21.Kd4 f6
22.e4 Qg1+ 23.Kc4 b5+ 24.Kb4 a5+ 25.Ka3 b4+ 26.Kb2 bxc3+ 27.Qxc3 Qxg2+ 28.Bc2 cxd5
29.Bg5 Kg7 30.Qc7+ Rf7 31.Bh6+ Kg8 32.Qd8+ Kh7 33.Qxd5 Raa7 34.Bf4 Rad7 35.Qc5 Bb7
36.Rc1 Bxe4 37.Rg1 Qxc2+ 38.Qxc2 Bxc2 39.Kxc2 Rd5  0-1

[Event "17th Lienz Open 2013"]
[Site "Lienz AUT"]
[Date "2013.02.13"]
[Round "6.34"]
[White "Nesimovic,Kemal"]
[Black "Walkner,K"]
[Result "1-0"]
[WhiteElo "1836"]
[BlackElo "1980"]

1.d4 d5 2.c4 c6 3.Nc3 e6 4.e3 Nf6 5.Nf3 Nbd7 6.Bd3 Bd6 7.O-O O-O 8.e4 dxe4
9.Nxe4 Nxe4 10.Bxe4 Nf6 11.Bc2 Re8 12.Bg5 g6 13.Ne5 Be7 14.Qf3 Kg7 15.Rad1 Rf8
16.Qe3 Ng8 17.Bxe7 Qxe7 18.b3 f6 19.Nf3 Qc7 20.Rfe1 Bd7 21.Bb1 Rae8 22.Qd3 Bc8
23.h4 Qf7 24.h5 Ne7 25.g3 Kh8 26.hxg6 hxg6 27.Kg2 Kg7 28.Rh1 Rh8 29.Qc3 Rxh1
30.Rxh1 Rh8 31.Rxh8 Kxh8 32.Qa5 Qe8 33.Qxa7 Kg7 34.Qc5 Qd7 35.Ng1 g5 36.Be4 Ng6
37.d5 exd5 38.cxd5 Ne5 39.dxc6 bxc6 40.Nf3 Qh3+ 41.Kg1 Nxf3+ 42.Bxf3 Qe6
43.Qxc6 Qe1+ 44.Kg2 Bf5 45.g4 Bb1 46.a4 Qb4 47.Qb7+ Qxb7 48.Bxb7 f5 49.a5  1-0